0-10 Afrikaans - Statistics

General Stats
  • This quiz has been taken 9 times
  • The average score is 8 of 11
Answer Stats
Hint Answer % Correct
3 Drie
100%
1 Een
100%
6 Ses
89%
2 Twee
89%
8 Agt
78%
0 Nul
78%
10 Tien
78%
5 Vyf
78%
9 Nege
67%
7 Sewe
56%
4 Veir
22%
No matching quizzes found
Score Distribution
Percent of People with Each Score
Percentile by Number Answered
Your Score History
You have not taken this quiz